00301nam a2200121Ia 4500008004100000082001700041100002000058245003200078250000800110260003700118300000800155650001600163191201s2005 xx 000 0 und d a005.133bSEC aSebesta, Robert 0aConcepts of Progg Languages a6th aN.DelhibPearson Educationc2005 a685 aB.Tech(ECE)